| 000 | 00378 a2200157 4500 | ||
|---|---|---|---|
| 999 |
_c313908 _d313908 |
||
| 001 | 78835 | ||
| 003 | NUST | ||
| 005 | 20180119144052.0 | ||
| 008 | 180119b xxu||||| |||| 00| 0 eng d | ||
| 082 | _a320.95462 NOO | ||
| 100 |
_aSyed Noorul Hassan Rafai ; Abdul Kabeer Karipak _99109 |
||
| 245 | _aKashmir Bleeds | ||
| 250 | _a1 | ||
| 260 |
_aIslamabad _bIPS _c1990 |
||
| 300 | _a224 | ||
| 500 | _aGeneral Books | ||
| 505 | _aGifted Books | ||
| 942 |
_aCAE NUST _cBK _k320.95462 NOO _2ddc |
||